000 00856cad a22002055a 4500
001 E150453
008 100715e20100622xxk 000 0 eng d
035 _a(Sirsi) u150453
041 0 _aeng
110 2 _aNational Federation of Builders
_94086
245 0 0 _aPrivate sector and construction form the foundations of economic recovery, says NFB
_h[electronic resource]
260 _c2010
490 _aNFB Press Release
_v22 June 2010
520 _aComments on the Government's emergency budget and its effect on the construction industry.
590 _aKA
651 4 _aUnited Kingdom
_y
690 _aBUILT ENVIRONMENT
856 4 0 _uhttps://www.builders.org.uk/resources/nfb/000/290/294/Private_sector_and_construction_form_the_foundations_of_economic_recovery_says_NFB.pdf
_zView the press release free of charge at www.builders.org.uk
942 _n0
999 _c82515
_d82515